00615nam a22002177a 4500003000500000005001700005008004100022010001000063011001000073020001800083035001100101040000900112082001200121100002700133245007700160260005300237300003600290650001900326650002100345700003100366CHAP20220329143317.0080508d2007 us r 00110 eng d a94781 a95753 a9780879698195 a106383 cCHAP04a592bN61 aNorth, Geoffreye, ed.10aInvertebrate neurobiologyc/ed. by Geoffrey North and Ralph J. Greenspan aNew York :bCold Spring Harbor Laboratory,c2007 axii, 665 p. :bilus. ; gráfs.14aInvertebrados.14aNeurobiología.1 aGreenspan, Ralph J.e, ed.